CompTIA Network+ 15 - Statistics

General Stats
  • This quiz has been taken 5 times
  • The average score is 12 of 36
Answer Stats
Hint Answer % Correct
VLAN Virtual Local Area Network
100%
VPN Virtual Private Network
100%
VoIP Voice over IP
100%
WAN Wide Area Network
100%
TTL Time to Live
75%
UTP Unshielded Twisted Pair
75%
WLAN Wireless Local Area Network
75%
XML eXtensible Markup Language
50%
UPS Uninterruptible Power Supply
50%
USB Universal Serial Bus
50%
UDP User Datagram Protocol
50%
VRRP Virtual Router Redundancy Protocol
50%
WPA WiFi Protected Access
50%
WEP Wired Equivalent Privacy
50%
WAP Wireless Access Point
50%
TPM Trusted Platform Module
25%
TTLS Tunneled Transport Layer Security
25%
UTM Unified Threat Management
25%
URL Uniform Resource Locator
25%
VLSM Variable Length Subnet Mask
25%
WAF Web Application Firewall
25%
WPS WiFi Protected Setup
25%
Zeroconf Zero Configuration
25%
XDSL Extended Digital Subscriber Line
0%
TOS Type of Service
0%
UPC Ultra Polished Connector
0%
UC Unified Communications
0%
UNC Universal Naming Convention
0%
VDSL Variable Digital Subscriber Line
0%
VTC Video Teleconference
0%
VNC Virtual Network Connection
0%
VRF Virtual Routing Forwarding
0%
VTP VLAN Trunk Protocol
0%
WMS Warehouse Management System
0%
WAP Wireless Application Protocol
0%
WWN World Wide Name
0%
No matching quizzes found
Score Distribution
Percent of People with Each Score
Percentile by Number Answered
Your Score History
You have not taken this quiz